Top 10 Miami Marlins of All-Time - Statistics

General Stats
  • This quiz has been taken 1,649 times
    1,489 since last reset
  • The average score is 5 of 10
Answer Stats
WAR Years Position Answer % Correct
34.0 2010-2017 OF Giancarlo Stanton
97%
17.4 2013-2017 OF Christian Yelich
68%
19.6 2003-2007 1B/3B Miguel Cabrera
62%
30.5 2006-2012 SS Hanley Ramirez
59%
16.8 2003-2007 P Dontrelle Willis
45%
17.9 2006-2010 2B Dan Uggla
41%
17.3 1999-2005 3B Mike Lowell
38%
21.4 2005-2012 P Josh Johnson
34%
21.1 1996-2005 2B Luis Castillo
32%
19.0 2006-2013 P Ricky Nolasco
10%
No matching quizzes found
Score Distribution
Percent of People with Each Score
Percentile by Number Answered
Your Score History
You have not taken this quiz since the last reset